ARRUPE JESUIT UNIVERSITY

CORONAVIRUS -STOP THE SPREAD - CLEAN,DISINFECT,COVER

A guide to the rock art of Rhodesia / (Record no. 128786)

MARC details
000 -LEADER
fixed length control field 00884cam a2200253 i 4500
001 - CONTROL NUMBER
control field 3166379
003 - CONTROL NUMBER IDENTIFIER
control field ARRUPE
005 - DATE AND TIME OF LATEST TRANSACTION
control field 20190121122818.0
008 - FIXED-LENGTH DATA ELEMENTS--GENERAL INFORMATION
fixed length control field 750903s1974 rh a b 000 0 eng
010 ## - LIBRARY OF CONGRESS CONTROL NUMBER
LC control number 75313586
020 ## - INTERNATIONAL STANDARD BOOK NUMBER
International Standard Book Number 0582641659
040 ## - CATALOGING SOURCE
Original cataloging agency DLC
Transcribing agency DLC
Modifying agency DLC
043 ## - GEOGRAPHIC AREA CODE
Geographic area code f-mw---
-- f-rh---
-- f-za---
050 00 - LIBRARY OF CONGRESS CALL NUMBER
Classification number SPC. N5310.5.R49
Item number C66
082 00 - DEWEY DECIMAL CLASSIFICATION NUMBER
Classification number 916.89/1/044
300 ## - PHYSICAL DESCRIPTION
Other physical details col. ill. ;
Dimensions 20 x 24 cm.
100 1# - MAIN ENTRY--PERSONAL NAME
Personal name Cooke, Cranmer Kenrick,
Dates associated with a name 1906-
9 (RLIN) 44038
245 12 - TITLE STATEMENT
Title A guide to the rock art of Rhodesia /
Statement of responsibility, etc C. K. Cooke.
260 ## - PUBLICATION, DISTRIBUTION, ETC. (IMPRINT)
Place of publication, distribution, etc Salisbury :
Name of publisher, distributor, etc Published for the Trustees of the National Museums and Monuments of Rhodesia by Longman Rhodesia,
Date of publication, distribution, etc 1974.
300 ## - PHYSICAL DESCRIPTION
Extent 64 p. :
504 ## - BIBLIOGRAPHY, ETC. NOTE
Bibliography, etc Bibliography: p. 64.
650 #0 - SUBJECT ADDED ENTRY--TOPICAL TERM
Topical term or geographic name as entry element Cave paintings
Geographic subdivision Zimbabwe.
9 (RLIN) 44039
651 #0 - SUBJECT ADDED ENTRY--GEOGRAPHIC NAME
Geographic name Zimbabwe
General subdivision Antiquities.
9 (RLIN) 9546
906 ## - LOCAL DATA ELEMENT F, LDF (RLIN)
a 7
b cbc
c orignew
d 4
e ncip
f 19
g y-gencatlg
942 ## - ADDED ENTRY ELEMENTS (KOHA)
Source of classification or shelving scheme Library of Congress Classification
Koha item type SPC
Holdings
Withdrawn status Lost status Source of classification or shelving scheme Damaged status Not for loan Collection code Home library Current library Shelving location Date acquired Total Checkouts Full call number Barcode Date last seen Price effective from Koha item type
    Library of Congress Classification     SPECIAL Collection ARRUPE LIBRARY ARRUPE LIBRARY REFERENCE 21/01/2019   SPC. N5310.5.R49 C66 46600002423 21/01/2019 21/01/2019 SPC

 

Arrupe Library. PO Box MP320 Mt Pleasant, Harare, Zimbabwe
263 242 745411|librarian@aju.ac.zw